000 00946nam a2200337Ia 4500
003 OSt
005 20220912144701.0
006 a|||||r|||| 00| 0
007 ta
008 220909b |||||||| |||| 00| 0 eng d
020 _a9781451109542 (hbk)
020 _aSL01599771
024 _a194875
037 _b140, 20/11/2015, N R Book Distributors
037 _cTextual
040 _aCSL
_beng
_cCSL
041 _aeng
082 _aL72, P7;Q6;1
100 _aBear Mark F
245 0 _aNeuroscience: Exploring the brain
250 _a4
260 _aPhiladelphia
_bWolters kluwer
_c2016
300 _axlii, 975p. ill. col.
650 _a brain and behavior
650 _a changing brain
650 _aSensory and motor system
700 _a Mehrmann Volker Ed.
700 _aBear Mark F
942 _hL72, P7;Q6;1
_cTEXL
_2CC
999 _c15696
_d15696